000 00328nam a2200133 i 4500
001 bg
100 1 _aŻMIJEWSKA, H.
245 0 _aElementy realioznawcze w nauce języków obcych /
_cH. Żmijewska.
260 _aWarszawa,
_c1983.
040 _cBPK
041 _apol
942 _cKS
008 s pl f |000 0 pol
999 _c22483
_d22483
856 _uhttp://koha.tu.koszalin.pl/cgi-bin/koha/opac-detail.pl?biblionumber=22483
_yKatalog online BPK